| 000 | 02610cam a2200373 a 4500 | ||
|---|---|---|---|
| 001 | 17672044 | ||
| 005 | 20170105102849.0 | ||
| 008 | 130325s2012 enk b 001 0 eng d | ||
| 010 | _a 2012289826 | ||
| 015 |
_aGBB220393 _2bnb |
||
| 016 | 7 |
_a016039001 _2Uk |
|
| 020 | _a9780745639208 (hbk.) | ||
| 020 | _a0745639208 (hbk.) | ||
| 020 | _a9780745639215 (pbk.) | ||
| 020 | _a0745639216 (pbk.) | ||
| 035 | _a(OCoLC)ocn779244598 | ||
| 040 |
_aUKMGB _beng _cUKMGB _dBTCTA _dBDX _dYDXCP _dYNK _dCDX _dOCLCO _dUOH _dBWX _dVVC _dMOF _dRRP _dIWA _dDLC |
||
| 042 | _alccopycat | ||
| 050 | 0 | 0 |
_aHM1206 _b.C68 2012 |
| 082 | 0 | 4 |
_a302.23 _223 |
| 100 | 1 | _aCouldry, Nick. | |
| 245 | 1 | 0 |
_aMedia, society, world : _bsocial theory and digital media practice / _cNick Couldry. |
| 260 |
_aCambridge ; _aMalden, MA : _bPolity, _c2012. |
||
| 300 |
_axii, 311 p. ; _c23 cm. |
||
| 504 | _aIncludes bibliographical references (p. [247]-296) and index. | ||
| 505 | 0 | _aIntroduction: digital media and social theory -- Media as practice -- Media as ritual and social form -- Media and the hidden shaping of the social -- Network society, networked politics? -- Media and the transformation of capital and authority -- Media cultures: a world unfolding -- Media ethics, media justice. | |
| 520 | 8 | _aMedia are fundamental to our sense of living in a social world. Since the beginning of modernity, media have transformed the scale on which we act as social beings. And now in the era of digital media, media themselves are being transformed as platforms, content, and producers multiply. - Yet the implications of social theory for understanding media and of media for rethinking social theory have been neglected; never before has it been more important to understand those implications. This book takes on this challenge. - Drawing on Couldry's fifteen years of work on media and social theory, this book explores how questions of power and ritual, capital and social order, and the conduct of political struggle, professional competition, and everyday life, are all transformed by today's complex combinations of traditional and 'new' media. In the concluding chapters Couldry develops a framework for global comparative research into media and for thinking collectively about the ethics and justice of our lives with media. | |
| 650 | 0 |
_aMass media _xSocial aspects. |
|
| 650 | 0 |
_aCommunication _xSocial aspects. |
|
| 650 | 0 | _aSociology. | |
| 906 |
_a7 _bcbc _ccopycat _d2 _encip _f20 _gy-gencatlg |
||
| 942 |
_2ddc _cBK |
||
| 999 |
_c14172 _d14172 |
||